| 000 | 00709nam a2200205 a 4500 | ||
|---|---|---|---|
| 001 | 910 | ||
| 003 | CDMR | ||
| 005 | 20131212111449.0 | ||
| 008 | 130130s1968||||||||||||||||||||||||||||d | ||
| 040 |
_aCDMR _bcat _cCDMR |
||
| 245 | 0 | 3 |
_aEl derecho a la verdad _b: doctrina de la Iglesia sobre prensa, radio y televisión (1831-1968) _cedición preparada [...] por Jesús Iribarren |
| 260 |
_aMadrid _c1968 _bEditorial Católica |
||
| 300 |
_a489 p ; _c18 cm |
||
| 490 | 0 |
_aEdiciones de Bolsillo de la BAC _v3 |
|
| 610 | 2 |
_93200 _aEsglésia Catòlica |
|
| 650 | 0 | 4 |
_aReligió i premsa _93101 |
| 650 | 0 | 4 |
_aMitjans de comunicació de massa en la religió _94513 |
| 700 | 1 |
_9710 _aIribarren, Jesús _eed. |
|
| 942 |
_cMON _2udc |
||
| 999 |
_c910 _d910 |
||